| 000 | 00849nam a22002417a 4500 | ||
|---|---|---|---|
| 005 | 20140217155928.0 | ||
| 008 | 121218s2011 ck ab gr 00010 spa d | ||
| 020 | _a9789588447636 | ||
| 041 | 0 | _aspa | |
| 044 | _ack | ||
| 082 | 0 | 4 |
_a307.1412 _bP73c |
| 110 | 2 |
_aPrograma de las Naciones Unidas para el Desarrollo. _9564 |
|
| 245 | 1 | 0 | _aColombia rural : razones para la esperanza : resumen ejecutivo |
| 260 |
_aBogotá _bInforme Nacional de Desarrollo Humano _bPNUD _c2011 |
||
| 300 |
_a87 p. _bil., mapas _c27 cm. |
||
| 504 | _aIncluye referencias bibliográficas. | ||
| 650 | 4 |
_aDesarrollo rural _z Colombia. _96399 |
|
| 650 | 4 |
_aDesarrollo humano _z Colombia. _96400 |
|
| 650 | 4 |
_aConflicto armado _z Colombia. _96401 |
|
| 650 | 4 |
_aDerechos humanos _z Colombia. _96402 |
|
| 651 | 4 |
_aColombia _x Política y gobierno. _96403 |
|
| 942 |
_2ddc _cImpreso |
||
| 999 |
_c7613 _d7613 |
||